00483pab a2200157 454500008004000000100001800040245007500058260000900133300001500142362001200157650003700169650002800206650004400234650002000278773002700298180718b2013 xxu||||| |||| 00| 0 eng d aBharti, Kusum aGender discrimination in health practices among Kondha tribe of Orissa c2013 ap.403-416. aOct-Dec aHealth services - India - Orissa aTribes - India - Orissa aWomens health services - India - Orissa aHealth services aEastern Anthropologist